01169cam a2200337 a 4500001000700000003000900007005001700016008004100033010001700074020001500091025002200106040002300128041001300151042001000164050002700174082001700201100005900218240005000277245016400327246004500491246002300536246002200559246002200581250002100603260007900624300002100703520003500724650003000759650002200789700002000811110504BDDh-ASL20231015030300.0971128s1961 pk 000 0ceng  a 96912249  a8171511805 aI-E-96-912249; 10 aDLCcDLCdBDDh-ASL1 aenghper alcode00aBP189.4.A74bE585 1993 a922.97bBAF 1 aʻAṭṭār, Farīd al-Dīn,d-approximately 1230.10aTaz̲kirat al-awliyā.kSelections.lEnglish10aSelections from Fariduddin ʻAttarʼs Tadhkaratul-auliya, or, Memoirs of saints, Part-1 & 2 /cabridged and translated from original Persian, by Bankey Behari.30aFariduddin ʻAttarʼs Tadhkaratul-auliya30aTadhkaratul-Auliya30aMemoirs of saints18aTadhkaratul-aulia a1st improved ed. aNew Delhi :aLahore: bKitab Bhavan,bSh. Muhammad Ashraf, c1993.c1961.  a202 p. :c21 cm. aOn the lives of Muslim saints. 0aMuslim saintsvBiography. 0aSufisvBiography.1 aBehari, Bankey.